Tribhuvan University Central Library

The impact of private sector participation in infrastructure; lights,shadows, and the road ahead (Record no. 64550)

MARC details
000 -LEADER
fixed length control field 00569 a2200169 4500
020 ## - INTERNATIONAL STANDARD BOOK NUMBER
International Standard Book Number 978-0-8213-7409-2
082 ## - DEWEY DECIMAL CLASSIFICATION NUMBER
Classification number 363.6098
Item number W893i
100 ## - MAIN ENTRY--PERSONAL NAME
Personal name Andres, Luis A.
9 (RLIN) 32972
110 ## - MAIN ENTRY--CORPORATE NAME
Corporate name or jurisdiction name as entry element The World Bank
9 (RLIN) 32973
245 ## - TITLE STATEMENT
Title The impact of private sector participation in infrastructure; lights,shadows, and the road ahead
260 ## - PUBLICATION, DISTRIBUTION, ETC.
Place of publication, distribution, etc. Washington, D. C.,
Date of publication, distribution, etc. 2008.
300 ## - PHYSICAL DESCRIPTION
Extent xxviii, 351p.
504 ## - BIBLIOGRAPHY, ETC. NOTE
Bibliography, etc. note Bibliography: p. 321-351
650 ## - SUBJECT ADDED ENTRY--TOPICAL TERM
Topical term or geographic name entry element Public private sector cooperation
-- Public utilities
-- Privatization
9 (RLIN) 32974
653 ## - INDEX TERM--UNCONTROLLED
Uncontrolled term Social service
942 ## - ADDED ENTRY ELEMENTS (KOHA)
Source of classification or shelving scheme Dewey Decimal Classification
Koha item type AS
Holdings
Withdrawn status Lost status Source of classification or shelving scheme Damaged status Not for loan Home library Current library Date acquired Total Checkouts Full call number Barcode Date last seen Price effective from Koha item type
    Dewey Decimal Classification     Tribhuvan University Central Library Tribhuvan University Central Library 11/24/2011   363.6098 W893i UN24369 11/24/2011 11/24/2011 AS